000 00915nam2a2200205 4500
001 RU\NLR\PER_A\010733419_001810
005 20250627153001.0
035 _a(NLR Aleph) 022537629
090 _a13407373
_c13407373
100 _a20250507d2024 |||y0rusy50 ca
101 0 _arus
102 _aRU
200 0 _a2024, № 12 (322)
210 _d2024
_aБ. м.
461 0 _1001RU\NLR\Per\1121597
_12001#$aНаше дело$eинформационно-аналитическое издание Алтайской торгово-промышленной палаты$v2024, № 12 (322)
_99872679
_cБарнаул
_d2015 -
_nАлтайская ТПП
_oинформационно-аналитическое издание Алтайской торгово-промышленной палаты
_tНаше дело
_v2024, № 12 (322)
852 _aNLR
_jП23/8963
942 _cISSUE
980 _aRUSPER
980 _aNB